| 000 | 00909nam0a22002771 4500 | ||
|---|---|---|---|
| 001 | rc\289652 | ||
| 005 | 20250621021946.0 | ||
| 035 | _a(NLR Aleph) 005521106 | ||
| 090 |
_a5509071 _c5509071 |
||
| 100 | _a20030307d1990 |||y0rusy50 ca | ||
| 101 | 0 | _arus | |
| 102 | _aRU | ||
| 105 | _aa ||||||||| | ||
| 200 | 1 |
_aПроституция в древности и половые болезни _eПеревод _fЕ. Дироиу |
|
| 205 | _a[Репринт. изд.] | ||
| 210 |
_aБ. м. _cКомплекс. кооператив "Рось" _dБ. г. (1990) |
||
| 215 |
_a326, [1] с. _cил. _d20 |
||
| 300 | _aВых. дан. ориг.: СПб., 1907 | ||
| 700 | 1 |
_7ca _8rus _aДюпуи _bЭ. _f1838-1920 _gЭдмон _9243978 _3RU\NLR\AUTH\770244034 |
|
| 801 | 0 |
_aRU _bNLR _gpsbo |
|
| 801 | 1 |
_aRU _bELAR _2rusmarc |
|
| 852 |
_aNLR _j91-3/1071 |
||
| 942 | _cBOOK | ||
| 980 | _aNB | ||
| 980 | _aSUPPRESS | ||